Practical antenna handbook / (Record no. 60756)

000 -LEADER
fixed length control field 01306cam a22003014a 4500
001 - CONTROL NUMBER
control field 12371880
003 - CONTROL NUMBER IDENTIFIER
control field NUST-PNEC
005 - DATE AND TIME OF LATEST TRANSACTION
control field 20170116180707.0
008 - FIXED-LENGTH DATA ELEMENTS--GENERAL INFORMATION
fixed length control field 010406s2001 nyua 001 0 eng
010 ## - LIBRARY OF CONGRESS CONTROL NUMBER
LC control number 2001031225
020 ## - INTERNATIONAL STANDARD BOOK NUMBER
International Standard Book Number 0071374353
040 ## - CATALOGING SOURCE
Original cataloging agency DLC
Transcribing agency PNEC
042 ## - AUTHENTICATION CODE
Authentication code pcc
050 00 - LIBRARY OF CONGRESS CALL NUMBER
Classification number TK6565.A6
Item number C37 2001
082 00 - DEWEY DECIMAL CLASSIFICATION NUMBER
Classification number 621.384'135 CAR
Edition number 21
100 1# - MAIN ENTRY--PERSONAL NAME
Personal name Carr, Joseph J.
245 10 - TITLE STATEMENT
Title Practical antenna handbook /
Statement of responsibility, etc. Joseph J. Carr.
250 ## - EDITION STATEMENT
Edition statement 4th ed.
260 ## - PUBLICATION, DISTRIBUTION, ETC.
Place of publication, distribution, etc. New York :
Name of publisher, distributor, etc. McGraw-Hill,
Date of publication, distribution, etc. c2001.
300 ## - PHYSICAL DESCRIPTION
Extent xi, 609 p. :
Other physical details ill. ;
Dimensions 24 cm.
500 ## - GENERAL NOTE
General note Includes Index http://www.amazon.com/Practical-Antenna-Handbook-Joseph-Carr/dp/0071374353/ref=sr_1_1?s=books&ie=UTF8&qid=1411712879&sr=1-1&keywords=0071374353
650 #0 - SUBJECT ADDED ENTRY--TOPICAL TERM
Topical term or geographic name entry element Radio
General subdivision Antennas
-- EL, MS COMM
856 42 - ELECTRONIC LOCATION AND ACCESS
Materials specified Contributor biographical information
Uniform Resource Identifier <a href="http://www.loc.gov/catdir/bios/mh041/2001031225.html">http://www.loc.gov/catdir/bios/mh041/2001031225.html</a>
856 42 - ELECTRONIC LOCATION AND ACCESS
Materials specified Publisher description
Uniform Resource Identifier <a href="http://www.loc.gov/catdir/description/mh021/2001031225.html">http://www.loc.gov/catdir/description/mh021/2001031225.html</a>
906 ## - LOCAL DATA ELEMENT F, LDF (RLIN)
a 7
b cbc
c orignew
d 1
e ocip
f 20
g y-gencatlg
942 ## - ADDED ENTRY ELEMENTS (KOHA)
Source of classification or shelving scheme
Koha item type Book
Holdings
Withdrawn status Lost status Source of classification or shelving scheme Damaged status Not for loan Permanent Location Current Location Shelving location Date acquired Source of acquisition Cost, normal purchase price Total Checkouts Full call number Barcode Date last seen Cost, replacement price Price effective from Koha item type
          Pakistan Navy Engineering College (PNEC) Pakistan Navy Engineering College (PNEC) Reference 06/14/2003 Fair book Centre 1925.00   621.384'135 CAR PNECLIB-026158 09/26/2014 1925.00 06/14/2003 Book
© 2023 Central Library, National University of Sciences and Technology. All Rights Reserved.